000 00267nam a22001217a 4500
020 _a0-7214-0980-6
082 _a823
_bWOO/G
100 _aWOODMAN, JUNE
245 _aGLO BUG'S GREATEST DAY
260 _aUK
_bLADYBIRD
650 _aENGLISH SHORT STORY
_zUK
942 _cBK
999 _c4662
_d4662